Skały rodzaje - Statystyki

Ogólne statystyki
  • Ten quiz został rozwiązany 57 razy
  • Średni wynik to 11 z 69
Statystyki odpowiedzi
Obrazkowy Hint Odpowiedź % Poprawnych
kwaśna Granit
70%
ziarenka do 2mm piasek
70%
powstaje w wyniku lityfikacji piasku Piaskowiec
60%
powstaje po zetknięciu magmy z wodą Obsydian
57%
zasadowa Bazalt
50%
powstaje w wyniu zastygnięcia magmy w powietrzu Pumeks
47%
ziarna obłe, scementowany żwir Zlepieniec
47%
Gnejs
37%
węglan wapnia w postaci kalcytu Wapień
37%
obojętna Dioryt
33%
obojętna Andezyt
30%
Marmur
30%
Kopalnia w Mielniku przy granicy z Białorusią Kreda
23%
zasadowa Gabro
20%
inna nazwa to sól kamienna Halit
20%
powstaje w wyniu zastygnięcia magmy w powietrzu Magmowe
20%
ziarna obłe, scementowany żwir Osadowe
20%
powstaje w wyniku lityfikacji piasku osadowe
20%
węglan wapnia w postaci kalcytu osadowe
20%
zasadowa Magmowe
17%
powstaje po zetknięciu magmy z wodą Magmowe
17%
kwaśna Magmowe
17%
Metamorficzne
17%
Metamorficzne
17%
ziarenka do 2mm osadowe
17%
Kopalnia w Mielniku przy granicy z Białorusią osadowe
17%
składa się głównie z jednego minerału Dolomit
13%
powstaje z niego róża pustyni Gips
13%
Kwarcyt
13%
zawiera dużo węglanu wapnia Less
13%
obojętna Magmowe
13%
obojętna Magmowe
13%
Metamorficzne
13%
powstaje z niego róża pustyni osadowe
13%
inna nazwa to sól kamienna osadowe
13%
zasadowa Magmowe
10%
forma przejściowa między skałami wylewnymi a okruchowymi Magmowe
10%
ziarenka do 2mm okruchowe
10%
powstaje w wyniku lityfikacji piasku okruchowe
10%
kanciaste ziarna, scementowany gruz Osadowe
10%
zawiera dużo węglanu wapnia Osadowe
10%
składa się głównie z jednego minerału osadowe
10%
powstaje po zetknięciu magmy z wodą Wulkaniczne
10%
powstaje w wyniu zastygnięcia magmy w powietrzu Wulkaniczne
10%
kanciaste ziarna, scementowany gruz Brekcja
7%
ziarna obłe, scementowany żwir Okruchowe
7%
kwaśna Plutoniczne
7%
obojętna Plutoniczne
7%
obojętna Wulkaniczne
7%
zasadowa Wulkaniczne
7%
kwaśna Magmowe
3%
kanciaste ziarna, scementowany gruz Okruchowe
3%
zawiera dużo węglanu wapnia Okruchowe
3%
powstały na przedpolu lodowców osadowe
3%
zasadowa Plutoniczne
3%
kwaśna Ryolit
3%
forma przejściowa między skałami wylewnymi a okruchowymi Tuf Wulkaniczny
3%
z granitu
3%
z piaskowca
3%
z wapienia
3%
powstaje z niego róża pustyni chemogeniczne
0%
inna nazwa to sól kamienna chemogeniczne
0%
powstały na przedpolu lodowców Iły Warwowe
0%
powstały na przedpolu lodowców okruchowe
0%
węglan wapnia w postaci kalcytu organogeniczne
0%
Kopalnia w Mielniku przy granicy z Białorusią organogeniczne
0%
składa się głównie z jednego minerału organogeniczne
0%
forma przejściowa między skałami wylewnymi a okruchowymi Piroklastyczne
0%
kwaśna Wulkaniczne
0%
Nie znaleziono quizów pasujących do podanych kryteriów
Rozkład punktacji
Procent ludzi z każdym wynikiem
Percentyl według liczby udzielonych odpowiedzi
Twoja historia wyników
Nie rozwiązałeś tego quizu